| 000 | 01806nam a2200457 a 4500 | ||
|---|---|---|---|
| 001 | ebr10642208 | ||
| 003 | CaPaEBR | ||
| 006 | m u | ||
| 007 | cr cn||||||||| | ||
| 008 | 980714s1999 pau sb 001 0 eng d | ||
| 010 | _z 98011694 | ||
| 020 | _z0812234731 (acid-free paper) | ||
| 020 | _z9780812221749 | ||
| 020 | _z9780812207194 (e-book) | ||
| 040 |
_aCaPaEBR _cCaPaEBR |
||
| 035 | _a(OCoLC)833582420 | ||
| 043 | _ae-uk-en | ||
| 050 | 1 | 4 |
_aPR275.W6 _bL63 1999eb |
| 082 | 0 | 4 |
_a820.9/001 _221 |
| 100 | 1 | _aLochrie, Karma. | |
| 245 | 1 | 0 |
_aCovert operations _h[electronic resource] : _bthe medieval uses of secrecy / _cKarma Lochrie. |
| 260 |
_aPhiladelphia : _bUniversity of Pennsylvania Press, _cc1999. |
||
| 300 | _a292 p. | ||
| 440 | 0 | _aMiddle Ages series | |
| 504 | _aIncludes bibliographical references (p. [229]-286) and index. | ||
| 533 |
_aElectronic reproduction. _bPalo Alto, Calif. : _cebrary, _d2013. _nAvailable via World Wide Web. _nAccess may be limited to ebrary affiliated libraries. |
||
| 650 | 0 |
_aEnglish literature _yMiddle English, 1100-1500 _xHistory and criticism. |
|
| 650 | 0 |
_aWomen and literature _zEngland _xHistory _yTo 1500. |
|
| 650 | 0 |
_aWomen _zEngland _xHistory _yMiddle Ages, 500-1500. |
|
| 650 | 0 | _aMarriage customs and rites, Medieval. | |
| 650 | 0 | _aScience, Medieval, in literature. | |
| 650 | 0 | _aLaw, Medieval, in literature. | |
| 650 | 0 | _aMarriage in literature. | |
| 650 | 0 | _aSecrecy in literature. | |
| 650 | 0 | _aGossip in literature. | |
| 650 | 0 | _aSodomy in literature. | |
| 651 | 0 |
_aEngland _xSocial conditions _y1066-1485. |
|
| 655 | 7 |
_aElectronic books. _2local |
|
| 710 | 2 | _aebrary, Inc. | |
| 856 | 4 | 0 |
_uhttp://site.ebrary.com/lib/rucke/Doc?id=10642208 _zAn electronic book accessible through the World Wide Web; click to view |
| 999 |
_c32033 _d32033 |
||